• 首页
  • 本馆介绍
  • 公告通知
  • 最新文献
  • 馆藏检索
  • 电子资源
  • 读者导购
  • 参考咨询
  • 我的图书馆
  • 登录
  • 详细信息显示
  • 放入我的书架
  • 预约/预借图书
  • 作者相关作品
  • 分类相关作品
  • 丛书相关作品
  • 出版社相关作品

书目信息

  • 表格格式
  • 工作单格式
  • 卡片格式
题名:
中小学应对突发人身伤害事件的生命安全教育研究
    
 
作者: 董文梅 著
分册:  
出版信息: 北京   中央民族大学出版社  2016
页数: 154页
开本: 24cm
丛书名:
单 册:
中图分类: G633.202
科图分类:
主题词: 安全教育--教学研究--中小学
电子资源:
ISBN: 978-7-5660-1127-5
000 01212nam0 2200253 450
001 0104014207
005 20170215160122.0
010    @a978-7-5660-1127-5@dCNY56.00
100    @a20161109d2016 em y0chiy0120 ea
101 0  @achi
102    @aCN@b110000
105    @aa z 000yy
106    @ar
200 1  @a中小学应对突发人身伤害事件的生命安全教育研究@9Zhong Xiao Xue Ying Dui Tu Fa Ren Shen Shang Hai Shi Jian De;Di Sheng Ming An Quan Jiao Yu;Yo Yan Jiu @f董文梅[等]著@b专著
210    @a北京@c中央民族大学出版社@d2016
215    @a154页@c照片,图@d24cm
300    @a中央民族大学2015年学术团队建设课题《少数民族大学生身心健康及其干预研究团队》资助 2010年度教育部人文社会科学研究一般项目资助
304    @a著者还有:薛宇、马强、陈庆果、张明慧、李琳、赵海健
330    @a本书共分六章,主要包括:生命安全教育之紧要命题——应对突发人身伤害事件;应对突发人身伤害事件的生命安全教育调研——以北京市为例;中小学生应对突发人身伤害事件之应对方式调查——以北京市中学生为例;应对突发人身伤害事件之自我防卫技能教学实验等。
606 0  @a安全教育@x教学研究@x中小学
690    @aG633.202@v5
701  0 @a董文梅@c(女,@f1971~)@4著@9dong wen mei
801  0 @aCN@bAZmarc@c20230903
905    @aBZT@dG633@e363@f3@sG633/363
    
    中小学应对突发人身伤害事件的生命安全教育研究/董文梅[等]著.-北京:中央民族大学出版社,2016
    154页:照片,图;24cm
    中央民族大学2015年学术团队建设课题《少数民族大学生身心健康及其干预研究团队》资助 2010年度教育部人文社会科学研究一般项目资助
    
    ISBN 978-7-5660-1127-5:CNY56.00
    本书共分六章,主要包括:生命安全教育之紧要命题——应对突发人身伤害事件;应对突发人身伤害事件的生命安全教育调研——以北京市为例;中小学生应对突发人身伤害事件之应对方式调查——以北京市中学生为例;应对突发人身伤害事件之自我防卫技能教学实验等。
●
相关链接 在五车中查询图书 在当当中查询图书 在豆瓣中查询图书


正题名:中小学应对突发人身伤害事件的生命安全教育研究     索取号:G633/363         预约/预借

序号 登录号 条形码 馆藏地/架位号 状态 备注
1 2000009395   2000009395   旧书回溯/ [索取号:G633/363] 在馆    
2 2000009396   2000009396   旧书回溯/ [索取号:G633/363] 在馆    
3 2000009397   2000009397   旧书回溯/ [索取号:G633/363] 在馆    
山东省滨州职业学院图书馆 欢迎您!
大连网信软件有限公司© 版权所有